[Event "TCh-RUS Rapid 2015"]
[Site "Sochi RUS"]
[Date "2015.05.09"]
[Round "7.10"]
[White "Aleksandrov, Aleksej"]
[Black "Artemiev, Vladislav"]
[Result "0-1"]
[WhiteTitle "GM"]
[BlackTitle "GM"]
[WhiteElo "2605"]
[BlackElo "2671"]
[WhiteTeam "University (Belorechensk)"]
[BlackTeam "Rook (Kazan)"]
[WhiteFideId "13500139"]
[BlackFideId "24101605"]
[EventDate "2015.05.08"]

1. d4 Nf6 2. Bg5 Ne4 3. Bf4 c5 4. f3 Qa5+ 5. c3 Nf6 6. Nd2 cxd4 7. Nb3 Qd8 8.
cxd4 e6 9. e4 d5 10. Bd3 Nc6 11. Ne2 dxe4 12. fxe4 e5 13. dxe5 Ng4 14. Nc3 Bb4
15. Bb5 Qh4+ 16. Bg3 Qe7 17. Qc1 Nxe5 18. O-O Bxc3 19. Qxc3 O-O 20. Rad1 Qg5 21.
Rd5 f6 22. Bc4 Be6 23. Rxe5 Nxe5 24. Bxe6+ Kh8 25. Nd4 Qh5 26. Bd5 Rac8 27. Qa3
Nc6 28. Nf5 Rcd8 29. Bc7 Rc8 30. Bf4 Rcd8 31. h3 a5 32. Bc7 Rc8 33. Be6 Ra8 34.
Qb3 Rae8 35. g4 Qg6 36. Bd6 a4 37. Qd5 Ne5 38. Bxf8 Rxf8 39. Ng3 Qg5 40. Kg2 h6
41. Rf2 Re8 42. Bf5 Qe3 43. Qxb7 Nd3 44. Rf1 Ne1+ 45. Rxe1 Qxe1 46. Qc7 Qd2+ 47.
Kf3 Rd8 48. e5 Qd1+ 49. Ne2 Qf1+ 50. Kg3 Qe1+ 51. Kf3 Qf1+ 52. Kg3 Qe1+ 53. Kf3
Qf1+ 54. Ke3 Qxh3+ 55. Kf2 Qh2+ 56. Kf3 Qh1+ 57. Kg3 Qe1+ 58. Kf3 Qf1+ 59. Ke3
Qh3+ 60. Ke4 Qd3+ 61. Kf4 g5# 0-1

[Event "TCh-RUS Rapid 2015"]
[Site "Sochi RUS"]
[Date "2015.05.09"]
[Round "7.25"]
[White "Demidov, Mikhail"]
[Black "Panarin, Mikhail"]
[Result "1-0"]
[WhiteTitle "IM"]
[BlackTitle "GM"]
[WhiteElo "2513"]
[BlackElo "2558"]
[WhiteTeam "Boavista (Moscow)"]
[BlackTeam "Krasnodar region"]
[WhiteFideId "4197143"]
[BlackFideId "4153251"]
[EventDate "2015.05.08"]

1. d4 Nf6 2. Nc3 d5 3. Bf4 e6 4. e3 Bb4 5. Bd3 c5 6. dxc5 Nbd7 7. Ne2 O-O 8. O-O
Nxc5 9. Rc1 Bd7 10. a3 Nxd3 11. cxd3 Be7 12. Qb3 Qb6 13. Qxb6 axb6 14. Nd4 Rfc8
15. h3 Ne8 16. Bg3 f6 17. Rc2 e5 18. Nxd5 Bd8 19. Rxc8 Rxc8 20. Nf3 Bb5 21. Rd1
Rc2 22. Nc3 Ba6 23. d4 exd4 24. Nxd4 Rxb2 25. Nf5 Bc7 26. Bxc7 Nxc7 27. Rd7 Ne8
28. Nd5 Kf8 29. Nf4 Bc4 30. Rxb7 b5 31. Nd4 g5 32. Nfe6+ Kg8 33. Re7 Nd6 34. Rd7
Kh8 1-0